Letting agent and landlord awareness of the Tenancy Deposit Scheme (Record no. 75649)
[ view plain ]
| 000 -LEADER | |
|---|---|
| fixed length control field | 00887cab a2200169 4500 |
| 001 - CONTROL NUMBER | |
| control field | L130487 |
| 008 - FIXED-LENGTH DATA ELEMENTS--GENERAL INFORMATION | |
| fixed length control field | 050804n2005 000 0 eng u |
| 035 ## - SYSTEM CONTROL NUMBER | |
| System control number | (Sirsi) u130487 |
| 041 ## - LANGUAGE CODE | |
| Language code of text/sound track or separate title | eng |
| 245 ## - TITLE STATEMENT | |
| Title | Letting agent and landlord awareness of the Tenancy Deposit Scheme |
| 260 ## - PUBLICATION, DISTRIBUTION, ETC. | |
| Date of publication, distribution, etc. | 2005 |
| 490 ## - SERIES STATEMENT | |
| Series statement | Agreement |
| Volume/sequential designation | 12(4) August 2005, 14-15(2) |
| 520 ## - SUMMARY, ETC. | |
| Summary, etc. | Reports on research released by the Dispute Service in July 2005 that indicates that only a small proportion of private sector landlords know anything about the Tenancy Deposit Scheme (TDS). Contains tables covering tenancies with disputed deductions, those that were satisfactorily resolved, letting agent and landlord awareness of TDSs. |
| 590 ## - LOCAL NOTE (RLIN) | |
| Local note | IKA160802 |
| 690 ## - LOCAL SUBJECT ADDED ENTRY--TOPICAL TERM (OCLC, RLIN) | |
| Topical term or geographic name as entry element | PROPERTY-RESIDENTIAL PROPERTY-LEASEHOLD RESIDENTIAL PROPERTY-RESIDENTIAL LANDLORD AND TENANT-RESIDENTIAL TENANCIES-ASSURED TENANCIES |
| 942 ## - ADDED ENTRY ELEMENTS (KOHA) | |
| Suppress in OPAC | 0 |
| Withdrawn status | Lost status | Source of classification or shelving scheme | Damaged status | Not for loan | Home library | Current library | Shelving location | Date acquired | Total Checkouts | Full call number | Barcode | Date last seen | Copy number | Price effective from | Koha item type |
|---|---|---|---|---|---|---|---|---|---|---|---|---|---|---|---|
| Dewey Decimal Classification | London | London | Journal article | 04/08/2005 | L130487 | 130487-1001 | 06/08/2019 | 1 | 06/08/2019 | Journal article |